00567nam a2200145Ia 4500008004100000245013900041260004500180260000900225300000800234500001200242650001300254856006200267999001900329952007300348170516s9999 xx 000 0 und d aQuantitative determination of isradipine in dog plasma by an ultra performance liquid chromatography–tandem mass spectrometry method bAsian Journal of Pharmaceutical Sciences c2013 a8:5 aOctober xPharmacy uhttp://www.sciencedirect.com/science/journal/18180876/8/5 c331825d331825 001040aCLbCLd2017-05-16l0r2017-05-16 00:00:00w2017-05-16yFOJ